000 01163cas a22002295a 4500
001 L142869
008 080311c2007 xxcfr ws ss 000 a0eng d
035 _a(Sirsi) u142869
041 0 _aeng
110 2 _aRider Levett Bucknall
_95520
245 0 0 _aInternational Construction Cost Commentary
_h[electronic publication]
260 3 _aCalgary
_bRLB
_c2007-
362 0 _aOctober 2007-
490 0 _aRider Levett Bucknall International Construction Cost Commentary
_vOctober 2007-
520 _aProvides international building costs (offices, retail, hotels, carparking, industrial and residential) for key city markets in the Americas, Asia, EMEA and Oceania. Also provides a commentary of construction market conditions for each region and includes an International Tender (Bid) Price Index and a Tender (Bid) Price Relativity Matrix.
554 _aTwice a year.
650 2 4 _aRIDER LEVETT BUCKNALL INTERNATIONAL CONSTRUCTION COST COMMENTARY
651 4 _aInternational
690 _aBUILT ENVIRONMENT-BUILDING COSTS
856 4 0 _uhttps://www.americas.rlb.com
_zView the item free of charge (under cost reports) at www.americas.rlb.com...
942 _n0
999 _c119177
_d119177